Minecraft Mobs: Cod - Statistics

General Stats
  • This quiz has been taken 10 times
  • The average score is 6 of 8
Answer Stats
Question Answer % Correct
What is a cod's height in blocks? 0.3
88%
What is a cod's width in blocks? 0.5
88%
How many seconds can a cod be out of water before it starts suffocating? 10
88%
How many health points does a cod have? 3
88%
What's the minimum Y-level a cod can spawn at? 50
63%
Other than raw cod, what item does a cod drop on death? Bone Meal
63%
What is one other biome that cod can spawn in? Cold Ocean | Deep Cold Ocean | Lukewarm Ocean | Deep Lukewarm Ocean
63%
What is one biome that only spawns cod in the water ambient category? Ocean | Deep Ocean
50%
No matching quizzes found
Score Distribution
Percent of People with Each Score
Percentile by Number Answered
Your Score History
You have not taken this quiz